Sports Quiz

Random Sports or Basketball Quiz

NBA Career Rebounds (THROUGH 2017-18 SEASON) Quiz Stats

 Plays Quiz not verified by Sporcle

Challenge
Share
Tweet
Embed
Score 0/200 Timer 20:00
0 Plays Today
Primary Team Player % Correct
LALWilt Chamberlain
100%
BOSBill Russell
100%
LALKareem Abdul Jabbar
100%
WASElvin Hayes
100%
PHIMoses Malone
100%
SASTim Duncan
100%
UTAKarl Malone
100%
BOSRobert Parish
100%
MINKevin Garnett
100%
GSWNate Thurmond
100%
BALWalt Bellamy
100%
WASWes Unseld
100%
HOUHakeem Olajuwon
100%
ORL*Dwight Howard
100%
NJNBuck Williams
100%
STLBob Pettit
100%
PHICharles Barkley
100%
DENDikembe Mutombo
100%
NYKCharles Oakley
100%
ATLKevin Willis
100%
NYKPatrick Ewing
100%
LALElgin Baylor
100%
DAL*Dirk Nowitzki
100%
SYRDolph Schayes
100%
MEM*Pau Gasol
100%
SEAJack Sikma
100%
SASDavid Robinson
100%
BOSDave Cowens
100%
DETBill Laimbeer
100%
MEM*Zach Randolph
100%
PHXShawn Marion
100%
DETBob Lanier
100%
DETDave DeBusschere
100%
DENMarcus Camby
100%
SACVlade Divac
100%
BOSLarry Bird
100%
SEAShawn Kemp
100%
DALJason Kidd
100%
CLE*LeBron James
100%
NYKWillis Reed
100%
UTACarlos Boozer
100%
SACChris Webber
100%
LACLamar Odom
100%
BUFBob McAdoo
100%
LAC*DeAndre Jordan
100%
MILOscar Robertson
100%
UTA*Al Jefferson
100%
PHICaldwell Jones
100%
TORChris Bosh
100%
BOSPaul Pierce
100%
DALJames Donaldson
100%
WASJuwan Howard
100%
BALGus Johnson
100%
CLELarry Nance
100%
NYKKurt Thomas
100%
PHIChet Walker
100%
NYKAnthony Mason
100%
PHOTruck Robinson
100%
POR*LaMarcus Aldridge
100%
ATLDominique Wilkins
100%
MIN*Kevin Love
100%
MIAAlonzo Mourning
100%
CHIBob Boozer
100%
SEASpencer Haywood
100%
GSWErick Dampier
100%
PHISamuel Dalembert
100%
UTAMark Eaton
100%
Primary Team Player % Correct
BOSAntoine Walker
100%
NYK*Carmelo Anthony
100%
SEATom Chambers
100%
CHIMichael Jordan
100%
PHXAmar'e Stoudemire
100%
NOH*David West
100%
LALMagic Johnson
100%
DENAlex English
100%
INDHerb Williams
100%
UTA*Paul Millsap
100%
CHIMickey Johnson
100%
PORJerome Kersey
100%
PORClifford Robinson
100%
SACBrad Miller
100%
WAS*Marcin Gortat
100%
ATL*Al Horford
100%
CLEHot Rod Williams
100%
GSWGeorge Johnson
100%
CHI*Joakim Noah
100%
DENDan Issel
100%
DENDanny Schayes
100%
LALShaquille O'Neal
66.7%
DETDennis Rodman
66.7%
DETBen Wallace
66.7%
HOUOtis Thorpe
66.7%
CHI*Tyson Chandler
66.7%
LALA.C. Green
66.7%
CHIHorace Grant
66.7%
CHIArtis Gilmore
66.7%
NYKJohnny Green
66.7%
LACElton Brand
66.7%
INDDale Davis
66.7%
CHAP.J. Brown
66.7%
WASAntawn Jamison
66.7%
GSWLarry Smith
66.7%
BOSJohn Havlicek
66.7%
DALSam Perkins
66.7%
PORRasheed Wallace
66.7%
INDJermaine O'Neal
66.7%
BOSKevin McHale
66.7%
SACOlden Polynice
66.7%
LALKobe Bryant
66.7%
PORMychal Thompson
66.7%
PHXAlvan Adams
66.7%
PHIClarence Weatherspoon
66.7%
INDAntonio Davis
66.7%
ATLTree Rollins
66.7%
SACLaSalle Thompson
66.7%
PORClyde Drexler
66.7%
ATL*Josh Smith
66.7%
MINJoe Smith
66.7%
TOR*Vince Carter
66.7%
DET*Andre Drummond
66.7%
CLEZydrunas Ilgauskas
66.7%
LALElden Campbell
66.7%
NYKBill Cartwright
66.7%
MIL*Andrew Bogut
66.7%
CHA*Emeka Okafor
66.7%
LALElmore Smith
66.7%
MNLVern Mikkelsen
66.7%
SEAReggie Evans
66.7%
BOSTom Heinsohn
66.7%
MIA*Udonis Haslem
66.7%
MIABrian Grant
66.7%
CHIJerry Sloan
66.7%
CINJerry Lucas
33.3%
BOSPaul Silas
33.3%
Primary Team Player % Correct
STLBill Bridges
33.3%
SYRRed Kerr
33.3%
KCKSam Lacey
33.3%
LALLeroy Ellis
33.3%
MILTerry Cummings
33.3%
DENAntonio McDyess
33.3%
PORMaurice Lucas
33.3%
CHIScottie Pippen
33.3%
ATLDan Roundfield
33.3%
NJNDerrick Coleman
33.3%
DETRay Scott
33.3%
SEADetlef Schrempf
33.3%
DETRick Mahorn
33.3%
CLETyrone Hill
33.3%
SFWTom Meschery
33.3%
NYKHarry Gallatin
33.3%
MNLClyde Lovellette
33.3%
PHIBilly Cunningham
33.3%
ATLJim Washington
33.3%
CHIDave Greenwood
33.3%
MIARony Seikaly
33.3%
GSWDonyell Marshall
33.3%
MEMShareef Abdur-Rahim
33.3%
HOURudy Tomjanovich
33.3%
DETGrant Hill
33.3%
MIAGrant Long
33.3%
PHWPaul Arizin
33.3%
DENWayne Cooper
33.3%
LACBenoit Benjamin
33.3%
MIL*Zaza Pachulia
33.3%
INDJames Edwards
33.3%
SAC*Demarcus Cousins
33.3%
PHXGar Heard
33.3%
PHWNeil Johnston
33.3%
MINChristian Laettner
33.3%
BOSTom Sanders
33.3%
PHIHal Greer
33.3%
CLEDrew Gooden
33.3%
PHIJulius Erving
33.3%
PHXTom Gugliotta
33.3%
DETBailey Howell
0%
SEAMichael Cage
0%
FTWLarry Foust
0%
LALHappy Hairston
0%
SFWClyde Lee
0%
CINWayne Embry
0%
NYKDavid Lee
0%
GSWClifford Ray
0%
LALRudy LaRusso
0%
PORSidney Wicks
0%
NYKWillie Naulls
0%
NJNMike Gminski
0%
NJNArmen Gilliam
0%
DETWalter Dukes
0%
LALDarrall Imhoff
0%
PHWJoe Graboski
0%
MILAlton Lister
0%
STLZelmo Beaty
0%
MILVin Baker
0%
CHITom Boerwinkle
0%
MILBob Dandridge
0%
GSWTroy Murphy
0%
DEN*Nene Hilario
0%
NOJRich Kelley
0%
NYKRay Felix
0%
PHWTom Gola
0%

You're not logged in!

Compare scores with friends on all Sporcle quizzes.
Join for Free
OR
Log In

You Might Also Like...

Show Comments

Extras

Top Quizzes Today


Score Distribution

Your Account Isn't Verified!

In order to create a playlist on Sporcle, you need to verify the email address you used during registration. Go to your Sporcle Settings to finish the process.

Report this User

Report this user for behavior that violates our Community Guidelines.

Details: